000
00300nam a2200121Ia 4500
008
160114s9999 xx 000 0 und d
020
_a
9780756686048
050
_a
621
050
_b
.H847 2011
245
_a
How Cool Is This? /
260
_a
United States
_b
DK Publishing
_c
2011
300
_a
80 pages;
999
_c
290296
_d
290296